000 00327nam a22001337a 4500
008 210303b ||||| |||| 00| 0 eng d
020 _a9780683092707
041 _aeng
080 _a61
100 _a4
101 _aSHM
245 _aHealth Promotion and Disease Prevention in clinical Practice
_cWoolf,H.S
942 _2udc
_cBK
999 _c55617
_d55617